000 01239nam a22003377a 4500
001 BR7308110
003 BR-BrBNA
005 20230928084139.0
007 ta
008 230509b bl.||||| |||| 00| 0 por d
040 _aBR-BrBNA
_bpor
_cBiblioteca Nacional de Agricultura
041 _a(Por)
072 _aL36
_b1930
_b0170
_b0120
090 _ 1930 BR7308110
100 1 _aAzevedo, A.R. de
110 1 _aUniversidade Federal de Vicosa, MG (Brasil)
_0Tese (Magister Scientiae)
245 1 _aEstudo da digestibilidade e da correlacao entre os nutrientes digestiveis do capim-guatemala (Tripsacum fasciculatum, Trin)e do capim-elefante Napier (Pennisetum purpureum, Schum)e das silagens de sorgo (Sorghum vulgare, Pers)e de milho (Zea mays L.)
260 3 _aVicosa, MG (Brasil):
_c1973.
300 _a58 p.
500 _a21 tables; 8 graphs; 30 ref.; Summary (Por). (*) Documento disponível na(o) Universidade Federal de Vicosa, MG (Brazil)
650 _aComposicao de alimento
650 _aCapim guatemala
650 _aCapim elefante napier
650 _aSorgo
650 _aMilho
650 _aSilagem
650 _aDigestibilidade
650 _aNutriente
909 _a202309
_bLucia
_c55
_dLucia Elande
942 _cBK
999 _c17132
_d17132